000 00318nam a2200133Ia 4500
005 20251222144835.0
008 251222s9999||||xx |||||||||||||| ||spa||
020 _a84-317-0554-8
082 _a362.106.8/G56
100 _aGodoy Castillo, Eduardo
245 0 _aSalud y Cambio Social:
264 _bZero
942 _cLIB
999 _c21005
_d21005